Condición humana y derechos humanos : (Record no. 153554)

MARC details
000 -LEADER
fixed length control field nam a22 7a 4500
005 - DATE AND TIME OF LATEST TRANSACTION
control field 20200113101421.0
008 - FIXED-LENGTH DATA ELEMENTS--GENERAL INFORMATION
fixed length control field 200113b xxu||||| |||| 00| 0 eng d
020 ## - INTERNATIONAL STANDARD BOOK NUMBER
International Standard Book Number 9788491480174
050 04 - LIBRARY OF CONGRESS CALL NUMBER
Classification number K3240
Item number B37 2016
100 1# - MAIN ENTRY--PERSONAL NAME
Personal name Barranco Avilés, Ma. del Carmen
Dates associated with a name [1971- ]
245 10 - TITLE STATEMENT
Title Condición humana y derechos humanos :
Remainder of title Algunas claves filosóficas para un modelo contemporáneo de derechos /
Statement of responsibility, etc Ma. del Carmen Barranco Avilés
250 ## - EDITION STATEMENT
Edition statement 1a ed.
260 ## - PUBLICATION, DISTRIBUTION, ETC. (IMPRINT)
Place of publication, distribution, etc Madrid :
Name of publisher, distributor, etc Dykinson,
Date of publication, distribution, etc 2016
300 ## - PHYSICAL DESCRIPTION
Extent 152 páginas ;
Dimensions 21 cm
504 ## - BIBLIOGRAPHY, ETC. NOTE
Bibliography, etc Bibliografía p.147-152
650 #7 - SUBJECT ADDED ENTRY--TOPICAL TERM
Topical term or geographic name as entry element Derecho
General subdivision Filosofía
650 #7 - SUBJECT ADDED ENTRY--TOPICAL TERM
Topical term or geographic name as entry element Derechos humanos
942 ## - ADDED ENTRY ELEMENTS (KOHA)
Source of classification or shelving scheme Biblioteca del Cogreso de los Estados Unidos
Koha item type Libro
Holdings
Estado de pérdida Fuente de clasificación Estado del daño No para préstamo Ubicación permanente Ubicación actual Apartado o colección Fecha de adquisición Edición Área del conocimiento Clasificación Código de Barras Date last seen Número de copia Costo por reposición Tipo de recurso
  Biblioteca del Cogreso de los Estados Unidos     Biblioteca de la Facultad de Filosofía Biblioteca de la Facultad de Filosofía General 13/01/2020 1a ed. Educación y Humanidades K3240 B37 2016 BFF000034071 13/01/2020 C.1 1.00 Libro